LEADER 01435nam a2200289 4500 001 000000365117 003 CaOOAMICUS 005 20251111143538.0 008 251111s2024 it 000 u ita r 020 $a978-88-498-8175-2 040 $aSeMil$bita 245 00$aReligioni e società :$bmodelli di relazioni tra Stati e confessioni religiose /$ca cura di Antonio G. Chizzoniti e Anna Gianfreda. 264 1$aSoveria Mannelli :$bRubbettino,$c2024. 300 $a228 p. ;$c21 cm 490 1 $aReligioni, diritto, cultura e società ;$v5 650 4$aConfessioni religiose e Stato.$0(OLS)http://semarc/subject/58922 650 4$aReligioni - Rapporti [con lo] Stato.$0(OLS)http://semarc/subject/58923 700 1 $aGianfreda, Anna.$0(OLS)http://semarc/name/116110 700 1 $aChizzoniti, Antonio Giuseppe,$d<1960- >.$0(OLS)http://semarc/name/15124 830 0$aReligioni, diritto, cultura e società ;$v5.$0(OLS)http://semarc/title/440589 850 $aSeMil 852 $aSeMil$W1$xVenegono$y1$m3B II 238$j264430$B255963$CSeMilBibl$Z2$F255963 $81 961 $aIn omaggio per recensione su La scuola cattolica 996 $6020$a978-88-498-8175-2$9(OLS)http://semarc/number/304587 996 $6245$aReligioni e società :$bmodelli di relazioni tra Stati e confessioni religiose$9(OLS)http://semarc/title/456659 996 $6264$aSoveria Mannelli :$bRubbettino$9(OLS)http://semarc/publisher/32145 LEADER 01324nam a2200289 i 4500 001 000000126514 003 CaOOAMICUS 005 20060116000000.0 008 060116s1963 it u000 u ita u 013 $a99222 040 $aSeMil$bita 100 1 $aEddington, Arthur Stanley.$0(OLS)http://semarc/name/52575 245 10$aSpazio, tempo e gravitazione :$bla teoria della relatività generale /$cArthur Stanley Eddington. 260 $aTorino :$bBoringhieri,$c1963. 300 $a257 p. ;$c22 cm. 490 0 $aBiblioteca di cultura scientifica ;$v.Serie Azzurra, 62 490 0 $aBiblioteca di cultura scientifica. Serie azzurra: la natura ;$v62. 500 $aFondo Ciprandi. 650 4$aRelatività.$0(OLS)http://semarc/subject/14978 830 0$aBiblioteca di cultura scientifica ;$v.Serie Azzurra, 62.$0(OLS)http://semarc/title/6896 830 0$aBiblioteca di cultura scientifica. Serie azzurra: la natura ;$v62.$0(OLS)http://semarc/title/18513 850 $aSeMil 852 $aSeMil$W1$xVenegono$y1$m3XA II 9$j80880$B80880$CSeMilBibl$Z2$F107887 $81 941 1 $a1 961 $aOmaggio: Ciprandi dott. Paolo 996 $6245$aSpazio, tempo e gravitazione :$bla teoria della relatività generale$9(OLS)http://semarc/title/186551 996 $6260$aTorino :$bBoringhieri$9(OLS)http://semarc/publisher/30229